Morgan & Mikhail's clinical anesthesiology / [edited by] John F. Butterworth IV, MD, David C. Mackey, MD, John D. Wasnick, MD, MPH. (Record no. 21543)

000 -LEADER
fixed length control field 00658nam a22001817a 4500
020 ## - INTERNATIONAL STANDARD BOOK NUMBER
ISBN 9781264842087
082 ## - DEWEY DECIMAL CLASSIFICATION NUMBER
Classification number 617.96
Item number M8492 2022
245 ## - TITLE STATEMENT
Title Morgan & Mikhail's clinical anesthesiology / [edited by] John F. Butterworth IV, MD, David C. Mackey, MD, John D. Wasnick, MD, MPH.
250 ## - EDITION STATEMENT
Edition statement Seventh edition.
260 ## - PUBLICATION, DISTRIBUTION, ETC. (IMPRINT)
Place of publication New York :
Name of publisher McGraw Hill LLC,
Year of publication ©2022.
300 ## - PHYSICAL DESCRIPTION
Number of Pages xi, 1443 pages :
Other physical details illustrations ; 23 cm.
500 ## - GENERAL NOTE
General note Includes bibliographical referencs and index.
650 ## - SUBJECT ADDED ENTRY--TOPICAL TERM
Topical Term Anesthesiology.
700 ## - ADDED ENTRY--PERSONAL NAME
Personal name Butteworth, John F., IV. editor.
700 ## - ADDED ENTRY--PERSONAL NAME
Personal name Mackey, David C., editor.
700 ## - ADDED ENTRY--PERSONAL NAME
Personal name Wasnick, John D., editor.
942 ## - ADDED ENTRY ELEMENTS (KOHA)
Koha item type Books
Holdings
Source of acquisition Permanent Location Date acquired Koha item type Collection code Accession Number Lost status Shelving location Withdrawn status Current Location Full call number
SchoolCagayan State University - Carig Library2025-11-26BooksMedicineM002812 Medical Library Cagayan State University - Carig Library617.96 M8492 2022

Cagayan State University University Library, Carig Campus
Tuguegarao City, Cagayan 3500 | www.csucarig.edu.ph

Powered by Koha